00570nam a2200193 a 4500001001300000003000900013005001700022008004100039020001000080082002200090100001700112245007800129260004000207300000900247500003500256505004100291650002700332700001700359nice12345678IN_TiNIC20260116012104.0050524s1970 newa grp 000 0 eng  ac10000a323.39710954bSHA aShakir, Moin aKhilafat to Partitionb a Survey of Political Trends Among Indian Muslims aNew DelhibKalamkar Prakashanc1970 a309p aincludes index and biblioraphy2 aduring 1919-1947, indes bibliogaphy aMuslims-India-Politics1 aShakir, Moin